[Event "TCh-FRA Top 12 2015"]
[Site "Montpellier FRA"]
[Date "2015.06.07"]
[Round "9.3"]
[Board "7"]
[White "Heinz, Timothee"]
[Black "Iglesias, Joachim"]
[Result "1-0"]
[WhiteTitle "FM"]
[WhiteElo "2350"]
[BlackElo "2254"]
[WhiteTeam "C.E. STRASBOURG"]
[BlackTeam "VANDOEUVRE-ECHECS"]
[WhiteFideId "623369"]
[BlackFideId "637823"]
[EventDate "2015.05.30"]

1. d4 d6 2. e4 Nf6 3. Nc3 c6 4. Nf3 Bg4 5. Be2 e6 6. Be3 d5 7. e5 Nfd7 8. h3
Bxf3 9. Bxf3 c5 10. Qe2 Nc6 11. O-O-O c4 12. Nxd5 exd5 13. Bxd5 Nb6 14. Bxc4
Nxc4 15. Qxc4 Nb4 16. d5 Rc8 17. Qb5+ Qd7 18. Qxd7+ Kxd7 19. c3 Bc5 20. Bg5 f6
21. exf6 gxf6 22. Bxf6 Rhf8 23. Bd4 Nxd5 24. Bg7 Kc6 25. Bxf8 Rxf8 26. Rd2 Rf6
27. c4 Nf4 28. g3 Ne6 29. Kd1 Bb4 30. Re2 Nd4 31. Re4 Kc5 32. a3 Kxc4 33. axb4
Rxf2 34. Kc1 Kd3 35. Rg4 Nb3+ 36. Kb1 Nd2+ 37. Ka2 Rf6 38. b5 Rf5 39. Ra4 Rxb5
40. Ra3+ Ke4 41. Re1+ Kf5 42. Rxa7 h5 43. Ra4 Rd5 44. Re3 Kg6 45. Re6+ Kf5 46.
Rh6 Kg5 47. Rb6 Rd4 1-0

[Event "TCh-FRA Top 12 2015"]
[Site "Montpellier FRA"]
[Date "2015.06.07"]
[Round "9.3"]
[Board "8"]
[White "Steil-Antoni, Fiona"]
[Black "Roos, Louis"]
[Result "0-1"]
[WhiteTitle "WIM"]
[BlackTitle "IM"]
[WhiteElo "2094"]
[BlackElo "2370"]
[WhiteTeam "VANDOEUVRE-ECHECS"]
[BlackTeam "C.E. STRASBOURG"]
[WhiteFideId "4001249"]
[BlackFideId "600288"]
[EventDate "2015.05.30"]

1. e4 g6 2. d4 Bg7 3. Nc3 c6 4. Be3 d5 5. h3 dxe4 6. Nxe4 Bf5 7. Ng3 Be6 8. Nf3
h6 9. Qd2 Nf6 10. c4 a6 11. Bd3 Nbd7 12. O-O Nb6 13. Rac1 Nc8 14. Ne5 Nd6 15. a4
h5 16. c5 Nf5 17. Nxf5 gxf5 18. b4 Nd5 19. b5 axb5 20. axb5 Bxe5 21. dxe5 f4 22.
Bd4 Rg8 23. Kh2 Qd7 24. Ra1 Rd8 25. bxc6 bxc6 26. Be4 Nc7 27. Rfd1 Bd5 28. f3
Bxe4 29. fxe4 Ne6 30. Bc3 Qxd2 31. Rxd2 Rxd2 32. Bxd2 Rg6 33. Ra8+ Kd7 34. Ra7+
Ke8 35. Ra8+ Kd7 36. Ra7+ Kd8 37. Ra8+ Kc7 38. Ra7+ Kc8 39. Rxe7 Rg7 40. Ra7 Kb8
41. Ra3 Kb7 42. Rb3+ Kc7 43. Rf3 Kb7 44. Rb3+ Kc8 45. Rf3 Kd7 46. Rd3+ Ke7 47.
Be1 Rg6 48. Bh4+ Kf8 49. Bf6 Kg8 50. Rd6 Kh7 51. Rxc6 f3 52. gxf3 Nd4 53. Bg5
Rxc6 54. Kg3 Ne6 55. Kh4 Rxc5 56. f4 Rc3 57. Kxh5 Rxh3+ 58. Kg4 Re3 0-1

[Event "TCh-FRA Top 12 2015"]
[Site "Montpellier FRA"]
[Date "2015.06.07"]
[Round "9.4"]
[Board "1"]
[White "Mista, Aleksander"]
[Black "Svetushkin, Dmitry"]
[Result "1-0"]
[WhiteTitle "GM"]
[BlackTitle "GM"]
[WhiteElo "2556"]
[BlackElo "2591"]
[WhiteTeam "MONTPELLIER"]
[BlackTeam "METZ FISCHER"]
[WhiteFideId "1110381"]
[BlackFideId "13900463"]
[EventDate "2015.05.30"]

1. e4 e5 2. Nf3 Nc6 3. Bb5 Nf6 4. d3 Bc5 5. c3 O-O 6. O-O Re8 7. Bg5 h6 8. Bh4
Be7 9. Nbd2 d6 10. Bxc6 bxc6 11. d4 exd4 12. Nxd4 Bd7 13. Re1 c5 14. Nf5 Bxf5
15. exf5 Nd7 16. Bg3 Bf6 17. Ne4 Be5 18. f4 Bf6 19. Bf2 Rb8 20. Re2 Bh4 21. g3
Be7 22. Qd3 Nf6 23. Rae1 Nxe4 24. Rxe4 Qd7 25. Bxc5 Qxf5 26. Bf2 Qd7 27. Qe2 Kf8
28. Bxa7 Ra8 29. Bd4 Rxa2 30. f5 Raa8 31. Qg4 Bf6 32. Bxf6 gxf6 33. Qh4 Rxe4 34.
Rxe4 Qxf5 35. Qxh6+ Kg8 36. Rf4 Qg6 37. Qxg6+ fxg6 38. Rxf6 Kg7 39. Rf4 Ra1+ 40.
Kg2 Rc1 41. h4 c5 42. Rf1 Rc2+ 43. Rf2 Rc1 44. Rd2 Kf7 45. Rxd6 Rc2+ 46. Kh3
Rxb2 47. Rc6 Rd2 48. Rxc5 Rd3 49. Kg4 Kf6 50. Rc6+ Kg7 51. Kf4 Rd7 52. g4 Re7
53. c4 Re1 54. c5 Re2 55. Rd6 Rc2 56. c6 Rc4+ 57. Ke5 Rc5+ 58. Ke4 1-0

[Event "TCh-FRA Top 12 2015"]
[Site "Montpellier FRA"]
[Date "2015.06.07"]
[Round "9.4"]
[Board "2"]
[White "Riazantsev, Alexander"]
[Black "Pelletier, Yannick"]
[Result "1/2-1/2"]
[WhiteTitle "GM"]
[BlackTitle "GM"]
[WhiteElo "2671"]
[BlackElo "2568"]
[WhiteTeam "METZ FISCHER"]
[BlackTeam "MONTPELLIER"]
[WhiteFideId "4125029"]
[BlackFideId "1301837"]
[EventDate "2015.05.30"]

1. d4 Nf6 2. c4 e6 3. Nf3 b6 4. a3 Bb7 5. Nc3 d5 6. Bg5 Be7 7. e3 O-O 8. Qc2
Nbd7 9. cxd5 Nxd5 10. Bxe7 Nxe7 11. Bd3 h6 12. Bh7+ Kh8 13. Be4 Qb8 14. O-O c5
15. Rfd1 cxd4 16. Rxd4 Nf6 17. Bxb7 Qxb7 18. Rad1 Ned5 19. Nxd5 Nxd5 20. e4 Rac8
21. Qd3 Nf6 22. h3 Qc7 23. b4 Rfe8 24. Qe3 Kg8 25. R4d3 Red8 26. Rxd8+ 1/2-1/2

[Event "TCh-FRA Top 12 2015"]
[Site "Montpellier FRA"]
[Date "2015.06.07"]
[Round "9.4"]
[Board "3"]
[White "Fier, Alexandr"]
[Black "Wirig, Anthony"]
[Result "0-1"]
[WhiteTitle "GM"]
[BlackTitle "GM"]
[WhiteElo "2632"]
[BlackElo "2496"]
[WhiteTeam "MONTPELLIER"]
[BlackTeam "METZ FISCHER"]
[WhiteFideId "2107139"]
[BlackFideId "615013"]
[EventDate "2015.05.30"]

1. d4 Nf6 2. c4 e6 3. Nc3 Bb4 4. e3 d5 5. a3 Bxc3+ 6. bxc3 c6 7. cxd5 cxd5 8. c4
O-O 9. Nf3 b6 10. Bb2 Ba6 11. Rc1 Nbd7 12. Nd2 dxc4 13. Nxc4 b5 14. Nd2 Bb7 15.
Bxb5 Bxg2 16. Rg1 Qb8 17. Rxg2 Qxb5 18. Rb1 Rab8 19. Qe2 Qc6 20. Nf3 Rxb2 21.
Qxb2 Qxf3 22. Rg3 Qh1+ 23. Ke2 Qxh2 24. Qb7 Qh5+ 25. Kf1 g6 26. Kg2 Rb8 27.
Qxb8+ Nxb8 28. Rxb8+ Kg7 29. f3 Qa5 30. Rb3 Qd2+ 31. Kh3 Qc2 32. Rb5 Qc1 0-1

[Event "TCh-FRA Top 12 2015"]
[Site "Montpellier FRA"]
[Date "2015.06.07"]
[Round "9.4"]
[Board "4"]
[White "Iordachescu, Viorel"]
[Black "Vazquez Igarza, Renier"]
[Result "1-0"]
[WhiteTitle "GM"]
[BlackTitle "GM"]
[WhiteElo "2588"]
[BlackElo "2606"]
[WhiteTeam "METZ FISCHER"]
[BlackTeam "MONTPELLIER"]
[WhiteFideId "13900200"]
[BlackFideId "3503054"]
[EventDate "2015.05.30"]

1. e4 c5 2. Nf3 g6 3. c4 Nc6 4. d4 cxd4 5. Nxd4 Nf6 6. Nc3 d6 7. f3 Bg7 8. Be3
O-O 9. Be2 Nxd4 10. Bxd4 a5 11. O-O Bd7 12. c5 dxc5 13. Bxc5 Rc8 14. Be3 Be6 15.
Qa4 Nd7 16. Rfd1 Qc7 17. Rac1 Nc5 18. Qb5 b6 19. Na4 Rb8 20. b3 Be5 21. Nxb6
Bxh2+ 22. Kh1 Bd6 23. Qxa5 Rxb6 24. Bxc5 Bxc5 25. Qxc5 Qa7 26. Qd4 Ra8 27. Rc2
Qb8 28. Qe3 h5 29. f4 Rb4 30. Rcd2 Kh7 31. Bf3 Bg4 32. Kg1 Bxf3 33. gxf3 Qc8 34.
Rg2 Qe6 35. f5 Qf6 36. fxg6+ fxg6 37. f4 Rf8 38. Rf1 Qe6 39. f5 Rxf5 40. Rxf5
gxf5 41. Qg5 Qf7 42. Rh2 Qg6 43. Rxh5+ Kg7 44. Qxg6+ Kxg6 45. Rxf5 Rxe4 46. Rb5
Re2 47. a4 Ra2 48. a5 Kf6 49. b4 e5 50. Rb6+ Kf5 51. a6 Kf4 52. b5 Ra1+ 53. Kg2
Ra2+ 54. Kf1 e4 55. Rf6+ Ke3 56. Rf7 Kd3 57. a7 Ra1+ 58. Kg2 e3 59. b6 e2 60.
Rd7+ Ke3 61. Re7+ Kd2 62. b7 Rxa7 63. Rxe2+ Kxe2 64. b8=Q Rg7+ 65. Kh3 Rh7+ 66.
Kg4 Rg7+ 67. Kf5 Rf7+ 68. Ke6 Rf3 69. Qb2+ Kd3 70. Ke5 Re3+ 71. Kd5 Rf3 72. Qd4+
Ke2 73. Ke4 Rg3 74. Qb2+ Kf1 75. Qd2 Kg1 76. Kf4 Rg2 77. Qe1+ Kh2 78. Kf3 Rg6
79. Qd2+ Kh3 80. Qf4 1-0

[Event "TCh-FRA Top 12 2015"]
[Site "Montpellier FRA"]
[Date "2015.06.07"]
[Round "9.4"]
[Board "5"]
[White "Libiszewski, Fabien"]
[Black "Belkhodja, Slim"]
[Result "1-0"]
[WhiteTitle "GM"]
[BlackTitle "GM"]
[WhiteElo "2531"]
[BlackElo "2417"]
[WhiteTeam "MONTPELLIER"]
[BlackTeam "METZ FISCHER"]
[WhiteFideId "616834"]
[BlackFideId "600229"]
[EventDate "2015.05.30"]

1. e4 c5 2. Nf3 e6 3. d4 cxd4 4. Nxd4 Nf6 5. Nc3 Nc6 6. g3 Bb4 7. Bg2 d5 8. exd5
Nxd5 9. O-O Bxc3 10. Nxc6 bxc6 11. bxc3 Ba6 12. c4 Bxc4 13. Re1 O-O 14. Ba3 Re8
15. Qg4 Bb5 16. Bb2 e5 17. Rxe5 Rxe5 18. Bxe5 Nf6 19. Qg5 h6 20. Bxf6 hxg5 21.
Bxd8 Rxd8 22. a4 Ba6 23. Bxc6 Kf8 24. Bb5 Bb7 25. Bd3 a5 26. Kf1 Ke7 27. Ke2 Kd6
28. Rb1 Bc6 29. Bb5 Re8+ 30. Kd2 Re4 31. f3 Re8 32. Bxc6 Kxc6 33. Rb5 f6 34.
Rxa5 Rh8 35. Kd3 Rxh2 36. Rf5 Rh1 37. g4 Ra1 38. a5 Ra2 39. c3 Ra1 40. Kc4 Ra4+
41. Kb3 Ra1 42. Kb4 Rb1+ 43. Kc4 Rf1 44. Rc5+ Kb7 45. Rb5+ Kc7 46. a6 Ra1 47.
Rb7+ Kc6 48. Rxg7 Rxa6 49. Kd4 Kd6 50. Rb7 Ke6 51. Rb5 Rd6+ 52. Kc4 Rd8 53. Rf5
Rb8 54. Kd4 Rd8+ 55. Kc5 Rc8+ 56. Kb4 Rb8+ 57. Rb5 Rd8 58. c4 Rd1 59. Rf5 Rd8
60. c5 Rb8+ 61. Kc4 Rf8 62. Kb5 Kd7 63. Rd5+ Kc7 64. Kc4 Ra8 65. Rf5 Ra6 66. Kd5
Kd7 67. f4 gxf4 68. Rxf4 Ke7 69. Rb4 Ra1 70. Rb7+ Kd8 71. Rg7 Ra4 72. Kd6 Rd4+
73. Kc6 Rf4 74. Kd6 Rd4+ 75. Ke6 Rf4 76. Kd5 Ke8 77. Kd6 Rd4+ 78. Ke6 Re4+ 79.
Kxf6 Rc4 80. Rg5 1-0

[Event "TCh-FRA Top 12 2015"]
[Site "Montpellier FRA"]
[Date "2015.06.07"]
[Round "9.4"]
[Board "6"]
[White "Koch, Jean-Rene"]
[Black "Flear, Glenn C"]
[Result "1/2-1/2"]
[WhiteTitle "IM"]
[BlackTitle "GM"]
[WhiteElo "2452"]
[BlackElo "2460"]
[WhiteTeam "METZ FISCHER"]
[BlackTeam "MONTPELLIER"]
[WhiteFideId "600148"]
[BlackFideId "400165"]
[EventDate "2015.05.30"]

1. c4 e6 2. g3 d5 3. Nf3 Nf6 4. b3 c5 5. Bg2 Nc6 6. O-O Be7 7. cxd5 Nxd5 8. Bb2
Bf6 9. Bxf6 Qxf6 10. Nc3 Nxc3 11. dxc3 O-O 12. Qd6 Qxc3 13. Rfc1 Qb2 14. e3 Rd8
15. Qxc5 Bd7 16. Rcb1 Qf6 17. Rd1 Be8 18. Qc2 Rxd1+ 19. Rxd1 Rd8 20. Rxd8 Qxd8
21. Qd2 Qxd2 22. Nxd2 Kf8 23. Kf1 b6 24. Be4 Nb4 25. a3 Bb5+ 26. Kg2 Nd3 27. f4
Nc5 28. Bc2 h6 29. e4 f6 30. Kf2 Ke7 31. Ke3 Kd6 32. b4 Nd7 33. Bb3 e5 34. Nf3
g5 35. fxg5 fxg5 36. h4 g4 1/2-1/2

[Event "TCh-FRA Top 12 2015"]
[Site "Montpellier FRA"]
[Date "2015.06.07"]
[Round "9.4"]
[Board "7"]
[White "Collas, Silvia"]
[Black "Terrieux, Kevin"]
[Result "1/2-1/2"]
[WhiteTitle "IM"]
[BlackTitle "IM"]
[WhiteElo "2306"]
[BlackElo "2439"]
[WhiteTeam "MONTPELLIER"]
[BlackTeam "METZ FISCHER"]
[WhiteFideId "2902265"]
[BlackFideId "622591"]
[EventDate "2015.05.30"]

1. Nf3 d5 2. c4 d4 3. g3 Nc6 4. Bg2 e5 5. d3 Bb4+ 6. Bd2 a5 7. Bxb4 axb4 8. Nbd2
Nf6 9. O-O O-O 10. Ne1 Re8 11. Nc2 Bf5 12. a3 bxa3 13. b4 e4 14. dxe4 Nxe4 15.
Nxe4 Bxe4 16. Bxe4 Rxe4 17. b5 Ne7 18. Qd3 Re6 19. Nxd4 Rd6 20. e3 c5 21. bxc6
Nxc6 22. Rxa3 Rxa3 23. Qxa3 Nxd4 1/2-1/2

[Event "TCh-FRA Top 12 2015"]
[Site "Montpellier FRA"]
[Date "2015.06.07"]
[Round "9.4"]
[Board "8"]
[White "Monpeurt, Cyrielle"]
[Black "Brochet, Philippe"]
[Result "0-1"]
[WhiteTitle "WFM"]
[BlackTitle "IM"]
[WhiteElo "2163"]
[BlackElo "2382"]
[WhiteTeam "METZ FISCHER"]
[BlackTeam "MONTPELLIER"]
[WhiteFideId "677400"]
[BlackFideId "602469"]
[EventDate "2015.05.30"]

1. e4 c5 2. Nf3 Nc6 3. d4 cxd4 4. Nxd4 Nf6 5. Nc3 e6 6. Nxc6 bxc6 7. e5 Nd5 8.
Ne4 Qb6 9. c4 Nb4 10. f4 Bb7 11. a3 c5 12. Nc3 Nc6 13. Bd3 d6 14. exd6 Bxd6 15.
O-O O-O-O 16. Na4 Qc7 17. Be3 g5 18. Nxc5 Bxc5 19. Bxc5 Ne5 20. fxe5 Qxc5+ 21.
Kh1 Qe3 22. Rxf7 Rxd3 23. Qg4 Qxe5 24. Raf1 Rd2 25. Rf8+ Rxf8 26. Rxf8+ Kd7 27.
Rf7+ Kd8 0-1

[Event "TCh-FRA Top 12 2015"]
[Site "Montpellier FRA"]
[Date "2015.06.07"]
[Round "9.5"]
[Board "1"]
[White "Duda, Jan-Krzysztof"]
[Black "Naiditsch, Arkadij"]
[Result "1/2-1/2"]
[WhiteTitle "GM"]
[BlackTitle "GM"]
[WhiteElo "2610"]
[BlackElo "2720"]
[WhiteTeam "C-E BOIS-COLOMBES"]
[BlackTeam "BISCHWILLER"]
[WhiteFideId "1170546"]
[BlackFideId "4650891"]
[EventDate "2015.05.30"]

1. e4 e5 2. Nf3 Nc6 3. Bb5 Nf6 4. O-O Nxe4 5. Re1 Nd6 6. Nxe5 Be7 7. Bf1 Nxe5 8.
Rxe5 O-O 9. d4 Ne8 10. d5 d6 11. Re1 Bg5 12. Nc3 Bxc1 13. Rxc1 Nf6 14. Qd4 Bf5
15. Qb4 Rb8 16. Re3 c5 17. dxc6 bxc6 18. Qa3 Qc7 19. Rce1 Rfe8 20. Rxe8+ Rxe8
21. Rxe8+ Nxe8 22. Bd3 1/2-1/2

[Event "TCh-FRA Top 12 2015"]
[Site "Montpellier FRA"]
[Date "2015.06.07"]
[Round "9.5"]
[Board "2"]
[White "Giri, Anish"]
[Black "Cornette, Matthieu"]
[Result "1-0"]
[WhiteTitle "GM"]
[BlackTitle "GM"]
[WhiteElo "2776"]
[BlackElo "2590"]
[WhiteTeam "BISCHWILLER"]
[BlackTeam "C-E BOIS-COLOMBES"]
[WhiteFideId "24116068"]
[BlackFideId "620084"]
[EventDate "2015.05.30"]

1. e4 e5 2. Nf3 Nc6 3. Bb5 Nge7 4. Nc3 g6 5. d4 exd4 6. Nd5 Bg7 7. Bg5 h6 8. Bf6
Bxf6 9. Nxf6+ Kf8 10. Qd2 d5 11. Bxc6 Nxc6 12. Nxd5 Bf5 13. Nxc7 Qxc7 14. exf5
Re8+ 15. Kf1 gxf5 16. g3 Qd8 17. Qd3 Qd5 18. Qb3 Qxb3 19. axb3 Kg7 20. Rd1 Kf6
21. Rd2 Re4 22. Kg2 Rhe8 23. Rhd1 Re2 24. Ng1 Rxd2 25. Rxd2 Re1 26. Ne2 Rb1 27.
c3 d3 28. Nf4 Ne5 29. Nd5+ Ke6 30. Nf4+ Kf6 31. b4 b6 32. b5 Kg7 33. b4 Rb3 34.
Nd5 Rb1 35. f4 Rc1 36. fxe5 Rc2 37. Rf2 1-0

[Event "TCh-FRA Top 12 2015"]
[Site "Montpellier FRA"]
[Date "2015.06.07"]
[Round "9.5"]
[Board "3"]
[White "Maze, Sebastien"]
[Black "Ragger, Markus"]
[Result "0-1"]
[WhiteTitle "GM"]
[BlackTitle "GM"]
[WhiteElo "2572"]
[BlackElo "2668"]
[WhiteTeam "C-E BOIS-COLOMBES"]
[BlackTeam "BISCHWILLER"]
[WhiteFideId "613762"]
[BlackFideId "1610856"]
[EventDate "2015.05.30"]

1. e4 e5 2. Nf3 Nc6 3. Bb5 a6 4. Ba4 Nf6 5. O-O Be7 6. d3 d6 7. c3 O-O 8. Re1 b5
9. Bc2 d5 10. d4 exd4 11. e5 Ne4 12. cxd4 Bg4 13. Nc3 Nxc3 14. bxc3 Qd7 15. Qd3
g6 16. Bh6 Rfe8 17. Ng5 Nd8 18. Qg3 Bf5 19. Bxf5 Qxf5 20. Re3 Bxg5 21. Bxg5 Ne6
22. Bf6 c5 23. Qh4 Qf4 24. g4 cxd4 25. cxd4 Nxd4 26. Kg2 Ne6 27. Rae1 h5 28. h3
Rac8 29. Rf3 Qh6 30. Rd1 Rc4 31. Kh2 Rd4 32. Rxd4 Nxd4 33. Rd3 Qf4+ 34. Qg3 Ne2
35. Qxf4 Nxf4 36. Rd4 g5 37. h4 Rc8 38. gxh5 Rc4 39. Rd2 gxh4 40. Bxh4 Nxh5 41.
Bg3 d4 42. Kg2 Kf8 43. Kf3 Ra4 44. Bh2 Ng7 45. Ke4 Ke7 46. f4 Ke6 47. Rxd4 Rxa2
48. Rd6+ Ke7 49. Bg1 Ra4+ 50. Kf3 Ne6 51. Be3 f5 52. Rb6 b4 53. Rb7+ Ke8 54.
Rb8+ Kd7 55. Rb7+ Kc8 56. Rb6 Nc7 57. e6 b3 58. e7 Re4 59. Rxb3 Nd5 60. Rd3 Nxe7
61. Rc3+ Kd7 62. Rc5 Ra4 63. Re5 Ng6 64. Rd5+ Ke6 65. Rc5 Kd6 66. Rc8 a5 67.
Rd8+ Ke6 68. Re8+ Kd7 69. Ra8 Ne7 70. Ra7+ Ke6 71. Ra6+ Kd5 72. Ra7 Nc6 73. Rf7
Ke6 74. Rc7 Ne7 75. Ra7 Nd5 76. Ra6+ Kd7 77. Bd2 Ra3+ 78. Ke2 a4 79. Ra7+ Kd6
80. Rf7 Ke6 81. Ra7 Nf6 82. Ra6+ Kf7 83. Bc1 Ra2+ 84. Kd3 Ne4 85. Kd4 Nf2 86.
Kd5 Nd3 87. Ra7+ Kg6 88. Be3 Ra3 89. Bd2 Ra1 90. Kd4 Nf2 91. Bc3 Ra3 92. Kc4 Ne4
93. Be5 Ra2 94. Kb4 Nf2 95. Rg7+ Kh6 96. Rf7 Nd3+ 97. Kc4 Nxe5+ 98. fxe5 Kg6 99.
Ra7 a3 100. Kd4 0-1

[Event "TCh-FRA Top 12 2015"]
[Site "Montpellier FRA"]
[Date "2015.06.07"]
[Round "9.5"]
[Board "4"]
[White "Bacrot, Etienne"]
[Black "Miton, Kamil"]
[Result "1/2-1/2"]
[WhiteTitle "GM"]
[BlackTitle "GM"]
[WhiteElo "2704"]
[BlackElo "2606"]
[WhiteTeam "BISCHWILLER"]
[BlackTeam "C-E BOIS-COLOMBES"]
[WhiteFideId "605506"]
[BlackFideId "1111914"]
[EventDate "2015.05.30"]

1. d4 e6 2. Nf3 Nf6 3. c4 Bb4+ 4. Bd2 a5 5. Nc3 d5 6. e3 O-O 7. Bd3 b6 8. O-O
Bb7 9. cxd5 exd5 10. a3 Be7 11. Qb3 Nbd7 12. Rfd1 Re8 13. Rac1 h6 14. Be1 Bf8
15. Bf1 c6 16. Na4 b5 17. Nc3 a4 18. Qc2 Nb6 19. Na2 g6 20. Bb4 Bg7 21. Nc3 Bc8
22. Ne5 Bd7 23. h3 Ra6 24. Re1 Qa8 25. Bd3 Nc4 26. f4 Be6 27. Qf2 Qc8 28. e4
dxe4 29. Nxe4 Nxe4 30. Bxe4 Bd5 31. Bd3 Ra8 32. f5 gxf5 33. Bxf5 Qc7 34. Nd3 Be6
35. Bxe6 Rxe6 36. Rxe6 fxe6 37. Re1 Qf7 38. Qg3 Kh7 39. Bc3 Rg8 40. Qf4 Qg6 41.
Qe4 Qxe4 42. Rxe4 Re8 43. Nb4 1/2-1/2

[Event "TCh-FRA Top 12 2015"]
[Site "Montpellier FRA"]
[Date "2015.06.07"]
[Round "9.5"]
[Board "5"]
[White "Ipatov, Alexander"]
[Black "Le Roux, Jean-Pierre"]
[Result "0-1"]
[WhiteTitle "GM"]
[BlackTitle "GM"]
[WhiteElo "2612"]
[BlackElo "2546"]
[WhiteTeam "C-E BOIS-COLOMBES"]
[BlackTeam "BISCHWILLER"]
[WhiteFideId "14116731"]
[BlackFideId "609404"]
[EventDate "2015.05.30"]

1. d4 Nf6 2. c4 e6 3. Nf3 b6 4. g3 Bb4+ 5. Nbd2 Bb7 6. Bg2 O-O 7. O-O d5 8. cxd5
exd5 9. Ne5 Re8 10. Ndf3 Bd6 11. Bg5 h6 12. Bxf6 Qxf6 13. Qa4 Na6 14. Bh3 Nc5
15. Qc2 Ne6 16. Ng4 Qe7 17. Ne3 g6 18. Qb3 c6 19. a4 Rad8 20. a5 Bc7 21. Rfd1
Bc8 22. axb6 Bxb6 23. Bg2 Bb7 24. Nc2 c5 25. e3 Qf6 26. Qa3 Rc8 27. dxc5 Nxc5
28. Nb4 Ne4 29. Nd3 Nxf2 30. Nxf2 Rxe3 31. Rd3 Re2 32. Rf1 Rcc2 0-1

[Event "TCh-FRA Top 12 2015"]
[Site "Montpellier FRA"]
[Date "2015.06.07"]
[Round "9.5"]
[Board "6"]
[White "Edouard, Romain"]
[Black "Bauer, Christian"]
[Result "0-1"]
[WhiteTitle "GM"]
[BlackTitle "GM"]
[WhiteElo "2627"]
[BlackElo "2624"]
[WhiteTeam "BISCHWILLER"]
[BlackTeam "C-E BOIS-COLOMBES"]
[WhiteFideId "633429"]
[BlackFideId "603767"]
[EventDate "2015.05.30"]

1. e4 e6 2. d4 d5 3. Nc3 Nc6 4. Nf3 Nf6 5. Bd3 Nb4 6. e5 Nd7 7. Bg5 Be7 8. h4 h6
9. Bxe7 Qxe7 10. a3 Nxd3+ 11. Qxd3 Nb6 12. a4 Bd7 13. a5 Nc8 14. Rh3 a6 15. Rg3
Qf8 16. Nd2 Ne7 17. h5 Nf5 18. Rh3 c5 19. dxc5 Qxc5 20. Nb3 Qb4 21. Kf1 Rc8 22.
Kg1 O-O 23. Rd1 Rc4 24. Rf3 Bc6 25. Rh3 Rc8 26. Rd2 Rg4 27. f3 Rh4 28. Rxh4 Qxh4
29. g4 d4 30. gxf5 dxc3 31. bxc3 Qg3+ 32. Rg2 Qe1+ 33. Qf1 Qxe5 34. fxe6 Qxe6
35. Qf2 Qf6 36. Nd4 Bd7 37. Qd2 Re8 38. Qf2 Re5 39. Qg3 Rxa5 40. Qb8+ Kh7 41.
Qxb7 Qh4 42. Qe4+ Qxe4 43. fxe4 Rxh5 44. Kf2 Rh3 45. Rg3 Rxg3 46. Kxg3 a5 0-1

[Event "TCh-FRA Top 12 2015"]
[Site "Montpellier FRA"]
[Date "2015.06.07"]
[Round "9.5"]
[Board "7"]
[White "Shoker, Samy"]
[Black "Marcelin, Cyril"]
[Result "0-1"]
[WhiteTitle "GM"]
[BlackTitle "GM"]
[WhiteElo "2484"]
[BlackElo "2476"]
[WhiteTeam "C-E BOIS-COLOMBES"]
[BlackTeam "BISCHWILLER"]
[WhiteFideId "627143"]
[BlackFideId "607274"]
[EventDate "2015.05.30"]

1. Nf3 d5 2. g3 g6 3. Bg2 Bg7 4. O-O Nf6 5. d3 O-O 6. Nbd2 Nc6 7. e4 e5 8. exd5
Nxd5 9. Re1 Re8 10. a3 h6 11. Rb1 Bf5 12. Ne4 Qe7 13. Bd2 Nf6 14. Qc1 Kh7 15. b4
Nxe4 16. dxe4 Bg4 17. h3 Bxf3 18. Bxf3 Nd4 19. Bd1 Rad8 20. c3 Ne6 21. h4 h5 22.
Be3 Qf8 23. Ba4 Re7 24. Rd1 Ra8 25. Bb3 Qe8 26. Bd5 c6 27. Bb3 a6 28. Bb6 Nf8
29. f3 Nd7 30. Be3 Nf6 31. Rb2 Rd8 32. Re1 Red7 33. Rbe2 Qf8 34. Bb6 Bh6 35. Qb1
Rc8 36. Qc2 Qe8 37. Kg2 Qe7 38. Bc5 Qe8 39. Qa2 Rcd8 40. Rb1 Rd2 41. Rb2 Rxb2
42. Qxb2 Kg8 43. a4 Rd7 44. Ba2 Qd8 45. Qb3 Qc7 46. a5 Rd3 47. Qc4 Rd7 48. Bb3
Kg7 49. Bb6 Qd6 50. Bc2 Kg8 51. Bc5 Qc7 52. Bf2 Qd8 53. Bb3 Kg7 54. Re1 Qe7 55.
Re2 Kg8 56. Kf1 Kg7 57. Bc2 Kg8 58. Kg2 Kg7 59. Qa2 Qd8 60. Bb6 Qe7 61. Qb2 Qe6
62. Bb3 Qd6 63. f4 exf4 64. e5 f3+ 65. Kxf3 Qd3+ 66. Kg2 Ne4 67. Bf2 Nd2 68. Re1
Qf3+ 69. Kg1 Nxb3 0-1

[Event "TCh-FRA Top 12 2015"]
[Site "Montpellier FRA"]
[Date "2015.06.07"]
[Round "9.5"]
[Board "8"]
[White "Maisuradze, Nino"]
[Black "Guichard, Pauline"]
[Result "1/2-1/2"]
[WhiteTitle "WGM"]
[BlackTitle "WGM"]
[WhiteElo "2279"]
[BlackElo "2367"]
[WhiteTeam "BISCHWILLER"]
[BlackTeam "C-E BOIS-COLOMBES"]
[WhiteFideId "13601717"]
[BlackFideId "639370"]
[EventDate "2015.05.30"]

1. d4 d5 2. c4 e6 3. Nf3 Nf6 4. Nc3 Bb4 5. cxd5 exd5 6. Bg5 h6 7. Bxf6 Qxf6 8.
Qb3 c5 9. e3 O-O 10. dxc5 Bxc3+ 11. Qxc3 Qxc3+ 12. bxc3 Nd7 13. Rd1 Nxc5 14.
Rxd5 b6 15. Rd4 Bb7 16. Bc4 Ne6 17. Bxe6 fxe6 18. Ne5 Rac8 19. c4 b5 20. Rd7 Be4
21. O-O bxc4 22. f3 c3 23. Rc1 Bd5 24. Rxa7 Rfd8 25. Rc2 Rc5 26. Nd7 Rcc8 27.
Nb6 Rc6 28. Nxd5 Rxd5 29. Ra3 Rd2 30. Rcxc3 Rxc3 31. Rxc3 Rxa2 32. Rc7 Ra6 33.
g4 Kh7 34. Kg2 Kg6 35. h4 Ra5 36. f4 h5 37. g5 e5 38. Kf3 exf4 39. Kxf4 Ra6 40.
e4 Rb6 41. Rc4 Kf7 42. Kf5 Rb5+ 43. e5 g6+ 44. Ke4 Rb1 45. Kd5 Rd1+ 46. Rd4 Ra1
47. Rd3 Ke7 48. Rc3 Rd1+ 49. Ke4 Re1+ 50. Kf4 Rf1+ 51. Kg3 Rg1+ 52. Kh3 Rh1+ 53.
Kg3 Rg1+ 54. Kf3 Ke6 55. Rc6+ Kxe5 56. Rxg6 Rg4 57. Ra6 Rxg5 58. hxg5 1/2-1/2

[Event "TCh-FRA Top 12 2015"]
[Site "Montpellier FRA"]
[Date "2015.06.07"]
[Round "9.6"]
[Board "1"]
[White "So, Wesley"]
[Black "Sasikiran, Krishnan"]
[Result "1-0"]
[WhiteTitle "GM"]
[BlackTitle "GM"]
[WhiteElo "2778"]
[BlackElo "2642"]
[WhiteTeam "CLICHY-ECHECS-92"]
[BlackTeam "GRASSE ECHECS"]
[WhiteFideId "5202213"]
[BlackFideId "5004985"]
[EventDate "2015.05.30"]

1. Nf3 Nf6 2. c4 e6 3. Nc3 d5 4. d4 Be7 5. Bf4 O-O 6. e3 Nbd7 7. a3 a6 8. c5 Ne4
9. Rc1 f5 10. h3 c6 11. Bd3 Bf6 12. Na4 Ng5 13. Nxg5 Bxg5 14. b4 Bf6 15. Bd6 Be7
16. Bh2 Rf7 17. O-O g6 18. Kh1 Bf6 19. f3 Bg7 20. Qd2 e5 21. e4 f4 22. exd5 cxd5
23. Bc2 exd4 24. Bb3 Ne5 25. Nb6 Be6 26. Nxa8 Qxa8 27. Qxd4 Nxf3 28. Qd3 Nxh2
29. Kxh2 Rf5 30. Rcd1 Bf7 31. Qf3 Qd8 32. Rd3 Qd7 33. Kh1 h5 34. Rfd1 d4 35. Re1
Bxb3 36. Rxb3 Kh7 37. Re4 Qf7 38. Rb1 g5 39. Rbe1 g4 40. Qd3 Kh6 41. Re6+ Kg5
42. Re7 Qf8 43. Re8 Qf7 44. R1e7 Qf6 45. Re6 Qf7 46. R8e7 Qf8 47. Rxg7+ Qxg7 48.
h4+ Kxh4 49. Qxf5 Kg3 1-0